000 00928nam a2200265 i 4500
001 198502
003 ES-MaACL
005 20260624135520.0
007 ta
008 260624s1983 sp |||| ||||| 00110 spa d
017 _aM 38078-1996
_bOficina Depósito Legal Madrid
040 _aES-MaACL
_bspa
_cES-MaACL
_erda
110 0 0 _aInstituto Fe y Secularidad.
_95054
245 1 0 _aInstituto Fe y Secularidad
_b: memoria académica 1995-1996
264 1 _aMadrid :
_bInstituto Fe y Secularidad,
_c1996
300 _a212 páginas ;
_c21 cm
336 _2rdacontent
_aTexto
337 _2rdamedia
_asin mediación
338 _2rdacarrier
_avolumen
610 2 7 _aInstituto Fe y Secularidad-
_vMemorias
_9170418
852 _aES-MaACL
_jDB-247
_cDES
_hDonación: J. Porto
_xEncuadernación rústica
_9207536
942 _cMONOGRAFIA
_n0
999 _c198502
_d198502